000 00946nam a22002537a 4500
005 20170123162355.0
010 _aA-688061
020 _c20.00
035 _aA-688061
037 _bCen Lib/Ret
040 _aDPL
_bUR
082 _a270.93
_bآ ل ا
100 _aسرور، آل احمد
_9129624
245 _a/ ہندوستآن مین تصّوف
_cآل احمد سرور
246 _aHindustan main tasaouf /
_bby Al- Ahmed Saroor
260 _aنئی دہلی
_bمکتبہ جامہ لمیٹڈ
_c1987
270 _aاردو بازار
_bنئی دہلی
_e110006
300 _a101p.
_c20cm(Hb)
650 _aمذہب -- اسلام
_v
_9141219
650 _aہندوستآن مین تصّوف
_9141220
650 _aReligion - Islam
_992070
650 _aMysticism in India
_9141221
942 _2ddc
_cUR
_h270.93
_mآ ل ا
999 _c109573
_d109573